EPIC: the Musical - I Can't Help but Wonder - Statistics

General Stats
  • This quiz has been taken 98 times
  • The average score is 305 of 358
Answer Stats
Hint Answer % Correct
a
100%
Telemachus: Father?
100%
Telemachus: Father,
100%
I
100%
my
100%
My
100%
so
100%
So
100%
Odysseus: ...Son!
100%
son,
100%
have
98%
it
98%
to
98%
you
98%
you,
98%
you!
98%
You
98%
your
98%
Telemachus: All
96%
all
96%
can
96%
can't
96%
For
96%
for
96%
here
96%
know
96%
life,
96%
life
96%
the
96%
you're
96%
but
94%
But
94%
how
94%
How
94%
me
94%
Oh,
94%
Oh
94%
oh
94%
years,
94%
years
94%
be
91%
help
91%
I'd
91%
I've
91%
see
91%
wonder
91%
much
89%
twenty
89%
Twenty
89%
What
89%
and
87%
And
87%
finally
87%
Odysseus: Go,
87%
go
87%
home!
87%
home
87%
(Telemachus): (home)
87%
If
87%
if
87%
I'm
87%
in
87%
now
87%
show
87%
Odysseus: Show
87%
this
87%
we
87%
could
85%
die
85%
each
85%
has
85%
I'll
85%
It's
85%
it's
85%
never
85%
other
85%
that
85%
there
85%
watching
85%
we're
85%
where
85%
world
85%
yourself
85%
as
83%
away
83%
been
83%
from
83%
mother
83%
one
83%
tell
83%
with
83%
far
81%
find
81%
long
81%
make
81%
meet
81%
moment
81%
more
81%
there's
81%
There's
81%
words
81%
bit
79%
like
79%
miss
79%
of
79%
Telemachus: Of
79%
she's
79%
time
79%
you've
79%
empathy
77%
exists
77%
girl
77%
grown
77%
held
77%
Held
77%
hellos
77%
look
77%
waiting
77%
wondered
77%
died
74%
don't
74%
greet
74%
arms
72%
beyond
72%
live
72%
own
72%
hurts
70%
known
70%
say
70%
way?
70%
alone
68%
cry
68%
flown,
68%
flown
68%
joy
68%
longed
68%
name
68%
sky
68%
Thought
68%
about
66%
ago
66%
boy,
66%
forever
66%
had
66%
might
66%
not
66%
reunite
66%
strength
66%
sweetest
66%
clouds
64%
course
64%
ever
64%
feel
64%
Used
64%
Was
64%
well...
64%
Odysseus: Telemachus,
62%
wind
62%
astray
60%
led
60%
must
60%
only
60%
Things
60%
wanted
60%
you'd
60%
hold
57%
outgrow
57%
prepared
57%
storm
57%
Athena: Very
57%
suffer
55%
within
55%
capture
53%
dreamt
53%
today
53%
embrace
51%
felt
49%
wish
49%
we've
47%
wandered
43%
Days
38%
endevor
38%
nights
38%
No matching quizzes found
Score Distribution
Percent of People with Each Score
Percentile by Number Answered
Your Score History
You have not taken this quiz